| 000 | 01012nam a22002295i 4500 | ||
|---|---|---|---|
| 001 | 157832 | ||
| 003 | ES-MaACL | ||
| 005 | 20251005063123.0 | ||
| 008 | 940202s1878 sp |||| | spa d | ||
| 040 |
_aCAM _bspa |
||
| 080 | _a091 (46.41. Escorial) | ||
| 100 | 1 |
_aLlacayo y Santa María, Augusto, _d1839-1886 _9128990 |
|
| 245 | 1 | 0 |
_aAntiguos manuscritos de historia, ciencia y arte militar, medicina y literarios existentes en la Biblioteca del Monasterio de San Lorenzo de El Escorial / _cpor Augusto Llacayo y Santa María. |
| 260 |
_aSevilla : _bSociedad de Bibliófilos Andaluces, _c1878 ( _fEstablecimiento tipográfico de Francisco Alvarez y Cº) |
||
| 300 |
_a342 p. ; _c20 cm. |
||
| 490 | 1 | _aEstudios científicos y militares | |
| 650 | 2 | 4 |
_aMonasterio de El Escorial. Biblioteca- _vCatálogos. _9222858 |
| 650 | 4 |
_aManuscritos- _vCatálogos. _9136460 |
|
| 830 | 1 |
_aEstudios científicos y militares _9221817 |
|
| 852 |
_aES-MaACL _jG-13681 _z-- Enc. hol. |
||
| 999 |
_c157832 _d157832 |
||